Los diálogos del cuerpo: el enfoque holístico de la enfermedad
Sparad:
| Huvudupphovsman: | |
|---|---|
| Materialtyp: | Bok |
| Språk: | spanska |
| Publicerad: |
Santiago
Cuatro Vientos
2007
|
| Upplaga: | 9a. ed |
| Ämnen: | |
| Taggar: |
Lägg till en tagg
Inga taggar, Lägg till första taggen!
|
MARC
| LEADER | 00000nam a2200000 a 4500 | ||
|---|---|---|---|
| 001 | UCI7729 | ||
| 003 | CL-VaPUC | ||
| 008 | 080718e20070000CL |||||||||||||||||spa|d | ||
| 020 | |a 9562420264 | ||
| 082 | 0 | 4 | |a 128.2 |b SCH |2 21 |
| 100 | 0 | |a Schnake Silva, Adriana |e author |9 531021 | |
| 245 | 1 | 4 | |a Los diálogos del cuerpo: el enfoque holístico de la enfermedad |
| 250 | |a 9a. ed | ||
| 300 | |a 207 p | ||
| 942 | |c BK | ||
| 945 | |d 20080718 00:00:00 |a jtorresc | ||
| 260 | |a Santiago |b Cuatro Vientos |c 2007 | ||
| 650 | 0 | |a Antropología filosófica |9 265842 | |
| 650 | 7 | |a CUERPO Y MENTE |2 CL-VaPUC |9 531022 | |
| 650 | 0 | |a Salud y enfermedad |9 472061 | |
| 583 | |a last modification |c 20121001 11:04:23 |k Rodrigo Vera | ||
| 999 | |c 330910 |d 330908 | ||
| 952 | |0 0 |1 0 |4 0 |6 128_200000000000000_SCH_2007 |7 0 |8 A |9 416838 |a BIBEDU |b BIBEDU |d 2019-11-22 |i 4459172 |o 128.2 SCH 2007 |p 4459172 |r 2019-11-22 |w 2019-11-22 |y BK |k EBA | ||